Možnosti eliminácie hlukovej záťaže v podmienkach nákladnej železničnej dopravy = Options of Noise Elimination in Cargo Railway Transport : Diplomová práca

Guardado en:
Detalles Bibliográficos
Autor principal: Friedrich, Zdeněk (Autor)
Otros Autores: Balog, Karol, 1949- (xxx)
Formato: Manuscrito Libro
Lenguaje:eslovaco
Publicado: Trnava : STU v Bratislave MtF KEBI, 2006
Materias:
Etiquetas: Agregar Etiqueta
Sin Etiquetas, Sea el primero en etiquetar este registro!

MARC

LEADER 00000ntm a22000003a 4500
001 stu130092
005 20160719155514.3
008 061122s2006----xo------------------slo-d
040 |a STU  |b slo 
041 0 |a slo 
044 |a xo 
100 1 |a Friedrich, Zdeněk  |4 aut 
245 1 |a Možnosti eliminácie hlukovej záťaže v podmienkach nákladnej železničnej dopravy = Options of Noise Elimination in Cargo Railway Transport :  |b Diplomová práca 
260 |a Trnava :  |b STU v Bratislave MtF KEBI,  |c 2006 
300 |a 92 s  |c príl (1 CD-ROM) 
650 7 |a inžinierstvo životného prostredia  |2 stusub 
650 7 |a hluková záťaž  |2 stusub 
650 7 |a hluk  |2 stusub 
700 1 |a Balog, Karol,  |d 1949-  |4 xxx  |u M5000  |U MTF Materiálovotechnologická fakulta  |T MTF Ústav bezpečnosti, environmentu a kvality  |X 243  |U M5000  |Y 85  |7 A000000243 
996 |b 284M074966  |c M*DP-6367  |l MMSKP  |s P  |a 0  |w stu130092_0001